Поле битвы - Земля. Сага 2000: фантастический роман; в 2 т.; пер. с англ.
| Κύριος συγγραφέας: | |
|---|---|
| Γλώσσα: | Ρωσικά |
| Έκδοση: |
Москва, Владимир Юрьевич Сидоренко, 2001
|
| Μορφή: | MixedMaterials Βιβλίο |
| KOHA link: | https://koha.lib.tpu.ru/cgi-bin/koha/opac-detail.pl?biblionumber=84817 |
MARC
| LEADER | 00000nam1a2200000 4500 | ||
|---|---|---|---|
| 001 | 84817 | ||
| 005 | 20231031100757.0 | ||
| 035 | |a (RuTPU)RU\TPU\book\91147 | ||
| 090 | |a 84817 | ||
| 100 | |a 20051103d2001 m y0rusy50 ca | ||
| 101 | 1 | |a rus |c eng | |
| 102 | |a RU | ||
| 200 | 1 | |a Поле битвы - Земля. Сага 2000 |e фантастический роман |e в 2 т. |e пер. с англ. |f Р. Л. Хаббард | |
| 210 | |a Москва |c Владимир Юрьевич Сидоренко |d 2001 | ||
| 700 | 1 | |a Хаббард |b Р. Л. |g Рон Л. | |
| 801 | 1 | |a RU |b 63413507 |c 20051103 |g PSBO | |
| 801 | 2 | |a RU |b 63413507 |c 20060406 |g PSBO | |
| 942 | |c BK | ||